00218nam a2200097 a 450000500170000000800410001705000180005824500180007665000090009465000170010320141022142000.0090305s19uu xx 00 eng d aVHSbYE3 1989 aThe Yearling. aVHS. aThe Yearling